| 000 | 00380nam a22001697a 4500 | ||
|---|---|---|---|
| 005 | 20260407161940.0 | ||
| 008 | 160611b xxu||||| |||| 00| 0 eng d | ||
| 020 | _a9781904233176 | ||
| 041 | _aeng | ||
| 082 | _a823.92 | ||
| 100 |
_aButcher, A.J. _91728 |
||
| 245 | _aSpy High: The Soul Stealer | ||
| 260 | _bAtom Books | ||
| 300 | _a233 | ||
| 650 | _aManagement | ||
| 942 | _cBK | ||
| 999 |
_c2437 _d2436 |
||